[Event "Reykjavik Kvika op"]
[Site "Reykjavik"]
[Date "2022.04.08"]
[Round "4"]
[White "Koes, Richard"]
[Black "Marzik, Arne"]
[Result "0-1"]
[WhiteElo "1807"]
[BlackElo "1446"]
[PlyCount "78"]
[EventDate "2022.04.06"]
[EventType "swiss"]
[EventRounds "9"]
[EventCountry "ISL"]
[SourceTitle "CBM 207 Extra"]
[Source "ChessBase"]
[SourceDate "2022.05.31"]
[SourceVersion "1"]
[SourceVersionDate "2022.05.31"]
[SourceQuality "1"]

1. e4 e6 2. d4 d5 3. Nd2 c5 4. Ne2 Nc6 5. c3 dxe4 6. Nxe4 cxd4 7. Nxd4 Nxd4 8. cxd4 Bd7 9. Bd3 Nf6 10. 0-0 Be7 11. Be3 0-0 12. Rc1 Bc6 13. Ng5 Qd5 14. f3 Qxa2 15. Qc2 g6 16. Bc4 Qa5 17. Qf2 Nh5 18. Ne4 Bxe4 19. fxe4 Bg5 20. h4 Bxe3 21. Qxe3 Qd8 22. g4 Nf6 23. Be2 Kh8 24. Rf2 Nd7 25. e5 Nb6 26. Rcf1 Qe7 27. Qh6 Nd5 28. Bc4 Rad8 29. Bd3 Kg8 30. h5 Qh4 31. Rg2 Qh3 32. Be2 Ne3 33. Rh2 Qg3+ 34. Kh1 Nxf1 35. Bxf1 Qf3+ 36. Kg1 Rxd4 37. hxg6 Qxg4+ 38. Bg2 Rd1+ 39. Kf2 fxg6+ 0-1

[Event "Niedersachsen-ch op-B"]
[Site "Verden an der Aller"]
[Date "2020.01.02"]
[Round "2"]
[White "Lau, Robert1111"]
[Black "Marzik, Arne"]
[Result "1-0"]
[WhiteElo "1582"]
[BlackElo "1473"]
[PlyCount "69"]
[EventDate "2020.01.02"]
[EventType "swiss"]
[EventRounds "7"]
[EventCountry "GER"]
[SourceTitle "EXT 2023"]
[Source "ChessBase"]
[SourceDate "2022.10.05"]
[SourceVersion "1"]
[SourceVersionDate "2022.10.05"]
[SourceQuality "1"]

1. e4 e6 2. d4 d5 3. exd5 exd5 4. Nf3 Nf6 5. Be2 Bd6 6. Bg5 0-0 7. 0-0 Bf5 8. c3 Nbd7 9. Nbd2 Re8 10. Re1 h6 11. Bh4 a5 12. a4 c6 13. b3 Rc8 14. c4 dxc4 15. Bxc4 Rxe1+ 16. Qxe1 Bb4 17. Qe2 Bg4 18. Re1 Bxf3 19. gxf3 Qb6 20. Bxf7+ Kf8 21. Qe6 Qxd4 22. Bxf6 Qxf6 23. Qxd7 Be7 24. Rxe7 Qxe7 25. Qxc8+ Kxf7 26. Qf5+ Kg8 27. Nc4 Qb4 28. Qe6+ Kh7 29. Nd6 Qd2 30. Qf5+ Kg8 31. Qg6 Qd1+ 32. Kg2 Qxb3 33. Nf5 Kf8 34. Qxg7+ Ke8 35. Qe7# 1-0